International Law / (Record no. 10223)
[ view plain ]
| 000 -LEADER | |
|---|---|
| fixed length control field | 01903cam a22003854a 4500 |
| 001 - CONTROL NUMBER | |
| control field | 13173958 |
| 005 - DATE AND TIME OF LATEST TRANSACTION | |
| control field | 20080708082502.0 |
| 008 - FIXED-LENGTH DATA ELEMENTS--GENERAL INFORMATION | |
| fixed length control field | 030423s2003 enk b 001 0 eng |
| 010 ## - LIBRARY OF CONGRESS CONTROL NUMBER | |
| LC control number | 2003051552 |
| 020 ## - INTERNATIONAL STANDARD BOOK NUMBER | |
| International Standard Book Number | 0521531837 |
| 020 ## - INTERNATIONAL STANDARD BOOK NUMBER | |
| International Standard Book Number | 9780521531832 |
| 035 ## - SYSTEM CONTROL NUMBER | |
| System control number | (OCoLC)ocm52152973 |
| 035 ## - SYSTEM CONTROL NUMBER | |
| System control number | (OCoLC)52152973 |
| 040 ## - CATALOGING SOURCE | |
| Original cataloging agency | DLC |
| Transcribing agency | DLC |
| Modifying agency | J2H |
| -- | C#P |
| -- | EL$ |
| -- | BAKER |
| -- | NLGGC |
| -- | YDXCP |
| -- | OCLCQ |
| -- | LVB |
| -- | UBA |
| -- | OCLCG |
| -- | DLC |
| 042 ## - AUTHENTICATION CODE | |
| Authentication code | pcc |
| 050 00 - LIBRARY OF CONGRESS CALL NUMBER | |
| Classification number | KZ3275 |
| Item number | .S53 2003 |
| 082 00 - DEWEY DECIMAL CLASSIFICATION NUMBER | |
| Classification number | 341 |
| Edition number | 22 |
| Item number | SHA |
| 084 ## - OTHER CLASSIFICATION NUMBER | |
| Classification number | 86.80 |
| Source of number | bcl |
| 100 1# - MAIN ENTRY--PERSONAL NAME | |
| Personal name | Shaw, Malcolm N. |
| Fuller form of name | (Malcolm Nathan), |
| Dates associated with a name | 1947- |
| 9 (RLIN) | 20052 |
| 245 10 - TITLE STATEMENT | |
| Title | International Law / |
| Statement of responsibility, etc | Malcolm N. Shaw. |
| 250 ## - EDITION STATEMENT | |
| Edition statement | 5th ed. |
| 260 ## - PUBLICATION, DISTRIBUTION, ETC. (IMPRINT) | |
| Place of publication, distribution, etc | Cambridge, U.K. ; |
| -- | New York : |
| Name of publisher, distributor, etc | Cambridge University Press, |
| Date of publication, distribution, etc | c2003. |
| 300 ## - PHYSICAL DESCRIPTION | |
| Extent | 1288 p. ; |
| Dimensions | 23 cm. |
| 504 ## - BIBLIOGRAPHY, ETC. NOTE | |
| Bibliography, etc | Includes bibliographical references and index. |
| 650 #0 - SUBJECT ADDED ENTRY--TOPICAL TERM | |
| Topical term or geographic name as entry element | International law. |
| 9 (RLIN) | 20053 |
| 856 42 - ELECTRONIC LOCATION AND ACCESS | |
| Materials specified | Publisher description |
| Uniform Resource Identifier | <a href="http://www.loc.gov/catdir/description/cam032/2003051552.html">http://www.loc.gov/catdir/description/cam032/2003051552.html</a> |
| 856 41 - ELECTRONIC LOCATION AND ACCESS | |
| Materials specified | Table of contents |
| Uniform Resource Identifier | <a href="http://www.loc.gov/catdir/toc/cam032/2003051552.html">http://www.loc.gov/catdir/toc/cam032/2003051552.html</a> |
| 856 41 - ELECTRONIC LOCATION AND ACCESS | |
| Materials specified | Sample text |
| Uniform Resource Identifier | <a href="http://www.loc.gov/catdir/samples/cam041/2003051552.html">http://www.loc.gov/catdir/samples/cam041/2003051552.html</a> |
| 856 42 - ELECTRONIC LOCATION AND ACCESS | |
| Materials specified | Contributor biographical information |
| Uniform Resource Identifier | <a href="http://www.loc.gov/catdir/enhancements/fy0732/2003051552-b.html">http://www.loc.gov/catdir/enhancements/fy0732/2003051552-b.html</a> |
| 942 ## - ADDED ENTRY ELEMENTS (KOHA) | |
| Source of classification or shelving scheme | Dewey Decimal Classification |
| Item type | Book - Borrowing |
| Withdrawn status | Item status | Source of classification or shelving scheme | Damaged status | Not for loan | Home library | Current library | Shelving location | Date acquired | Source of acquisition | Total Checkouts | Full call number | Barcode | Date last seen | Date last borrowed | Koha item type | Materials specified (bound volume or other part) | Total Renewals |
|---|---|---|---|---|---|---|---|---|---|---|---|---|---|---|---|---|---|
| Dewey Decimal Classification | Central Library | Central Library | First floor | 19/10/2008 | Purchase | 8 | 341 SHA | 000014054 | 15/07/2025 | 14/10/2010 | NB - Book (Non borrowing) | ||||||
| Dewey Decimal Classification | Damaged | Central Library | Central Library | First floor | 19/10/2008 | Purchase | 13 | 341 SHA | 000014055 | 24/08/2016 | 23/03/2014 | Book - Borrowing | BOX04 | 24 | |||
| Dewey Decimal Classification | Central Library | Central Library | First floor | 19/10/2008 | Purchase | 21 | 341 SHA | 000014056 | 15/07/2025 | 09/02/2015 | Book - Borrowing | Repaired | 25 |